[Event "8th American Continental"]
[Site "Cochabamba BOL"]
[Date "2013.05.14"]
[Round "10"]
[White "Slomka, Gustavo"]
[Black "Acosta, Mariano"]
[Result "0-1"]
[WhiteElo "2055"]
[BlackElo "1958"]
[EventDate "2013.05.07"]
[PlyCount "60"]

1.b3 d5 2.Bb2 c5 3.e3 f6 4.f4 Nc6 5.Nf3 e6 6.Bb5 Ne7 7.O-O a6 8.Be2 Ng6 9.
h4 Bd6 10.h5 Nf8 11.c4 d4 12.exd4 cxd4 13.d3 Bxf4 14.Nbd2 Bh6 15.Qe1 e5 
16.Qg3 Bf4 17.Qh4 f5 18.Qe1 Ne6 19.Ba3 b6 20.g3 Be3+ 21.Kg2 Bb7 22.b4 a5 
23.bxa5 Rxa5 24.Bc1 Nc5 25.Kh2 O-O 26.Nh4 Nb4 27.Nb3 Nc2 28.Qd1 Nxb3 29.
Qxc2 Nxa1 30.Qb1 f4 0-1

[Event "8th American Continental"]
[Site "Cochabamba BOL"]
[Date "2013.05.14"]
[Round "10"]
[White "Borda Rivera, Cesar"]
[Black "Molina, Ruben"]
[Result "1-0"]
[WhiteElo "1838"]
[BlackElo "2030"]
[EventDate "2013.05.07"]
[PlyCount "59"]

1.e4 d5 2.exd5 Qxd5 3.Nc3 Qa5 4.d4 c6 5.Bc4 Nf6 6.Bd2 Qc7 7.Nge2 Bf5 8.Ng3
Bg6 9.h4 h6 10.Bb3 e6 11.Qe2 Be7 12.O-O-O Nbd7 13.f4 Nb6 14.Qf3 O-O-O 15.
f5 exf5 16.h5 Rxd4 17.hxg6 fxg6 18.Be6+ Kb8 19.Nce2 Rdd8 20.Nf4 Bd6 21.
Bxf5 gxf5 22.Ne6 Qf7 23.Nxd8 Qxa2 24.Nxc6+ bxc6 25.Bf4 Qa1+ 26.Kd2 Nc4+ 
27.Ke2 Re8+ 28.Kf2 Qxb2 29.Bxd6+ Nxd6 30.Rb1 1-0

[Event "8th American Continental"]
[Site "Cochabamba BOL"]
[Date "2013.05.14"]
[Round "10"]
[White "Aguilar, Pedro"]
[Black "Monroy Garzon, Nataly"]
[Result "1/2-1/2"]
[WhiteElo "1987"]
[BlackElo "1791"]
[EventDate "2013.05.07"]
[PlyCount "45"]

1.e4 Nf6 2.Nc3 d5 3.e5 d4 4.exf6 dxc3 5.fxg7 cxd2+ 6.Bxd2 Bxg7 7.c3 Nc6 8.
Qc2 Qd6 9.O-O-O Qg6 10.Qxg6 hxg6 11.Nf3 Be6 12.Kb1 Bf5+ 13.Kc1 O-O 14.Be2 
Ne5 15.Nxe5 Bxe5 16.h3 Be6 17.a3 Rfd8 18.Be3 Bf6 19.Rxd8+ Rxd8 20.Rd1 
Rxd1+ 21.Kxd1 Kg7 22.Kd2 Bd5 23.f3 1/2-1/2

[Event "8th American Continental"]
[Site "Cochabamba BOL"]
[Date "2013.05.14"]
[Round "10"]
[White "Vidaurre, Luis"]
[Black "Quiroga, Duberlin"]
[Result "1/2-1/2"]
[WhiteElo "1836"]
[BlackElo "2078"]
[EventDate "2013.05.07"]
[PlyCount "122"]

1.d4 d5 2.Nf3 Nf6 3.g3 c6 4.Bg2 e6 5.O-O Bd6 6.c4 dxc4 7.a4 Nbd7 8.Qc2 O-O
9.Nbd2 a5 10.Nxc4 Bb4 11.e4 h6 12.Bd2 Bxd2 13.Nfxd2 Nb6 14.Nb3 Nxc4 15.
Qxc4 Qb6 16.Rfd1 Re8 17.e5 Nd5 18.Bxd5 exd5 19.Qc2 Bf5 20.Qxf5 Qxb3 21.Kg2
Re6 22.Rd2 Rae8 23.Qc2 Qb4 24.Qc3 Qb6 25.Ra3 f6 26.Rb3 Qc7 27.f4 fxe5 28.
dxe5 g5 29.Kh1 gxf4 30.gxf4 Qf7 31.Rg2+ Kh8 32.Rg4 Qf5 33.Qg3 Qb1+ 34.Kg2 
R6e7 35.Rg6 Qc2+ 36.Kh3 Qf5+ 37.Qg4 Qxg4+ 38.Kxg4 Kh7 39.Kh5 Rxe5+ 40.Rg5 
hxg5 41.fxe5 Rxe5 42.Rxb7+ Kg8 43.Kg6 Re8 44.b4 Kf8 45.bxa5 Ra8 46.Kxg5 
Rxa5 47.Rb4 Kf7 48.Kf5 d4+ 49.Ke4 c5 50.Rb5 Rxa4 51.Rxc5 Kg6 52.Rd5 Kh6 
53.Kd3 Kg6 54.Ke4 Kh6 55.Kd3 Kg6 56.Rd8 Kg5 57.Rg8+ Kh6 58.Rh8+ Kg7 59.Rh4
Kg6 60.Rxd4 Rxd4+ 61.Kxd4 Kh5 1/2-1/2

[Event "8th American Continental"]
[Site "Cochabamba BOL"]
[Date "2013.05.14"]
[Round "10"]
[White "Lopez, Bruno"]
[Black "Estrada Blajos, Lucia"]
[Result "1-0"]
[WhiteElo "1734"]
[BlackElo "2034"]
[EventDate "2013.05.07"]
[PlyCount "67"]

1.e4 e6 2.d4 d5 3.Nd2 Nf6 4.e5 Nfd7 5.Ngf3 c5 6.c3 Nc6 7.Bd3 Qb6 8.O-O 
cxd4 9.cxd4 Nxd4 10.Nxd4 Qxd4 11.Nf3 Qb6 12.Qa4 Qb4 13.Qc2 h6 14.a3 Qb6 
15.Qa4 a6 16.Qg4 Qc7 17.Bf4 g5 18.Bg3 Be7 19.Rac1 Qb6 20.h4 h5 21.Qa4 g4 
22.Ng5 Rg8 23.Rc2 Qd8 24.Rfc1 Rb8 25.Qf4 Bxg5 26.hxg5 Nf8 27.g6 Nxg6 28.
Bxg6 Rxg6 29.Bh4 Qxh4 30.Rxc8+ Rxc8 31.Rxc8+ Kd7 32.Qc1 Qd8 33.Rxd8+ Kxd8 
34.b4 1-0

[Event "8th American Continental"]
[Site "Cochabamba BOL"]
[Date "2013.05.15"]
[Round "11"]
[White "Flores, Diego"]
[Black "Ortiz Suarez, Isan Reynaldo"]
[Result "1/2-1/2"]
[WhiteElo "2586"]
[BlackElo "2598"]
[EventDate "2013.05.07"]
[PlyCount "54"]

1.c4 c5 2.Nf3 Nc6 3.Nc3 g6 4.e3 Nf6 5.d4 cxd4 6.exd4 d5 7.Bg5 Be6 8.Bxf6 
exf6 9.c5 Bg7 10.Bb5 O-O 11.h3 g5 12.O-O h5 13.Ne1 f5 14.Bxc6 bxc6 15.Qxh5
Bxd4 16.Rd1 Bf6 17.f4 Qe7 18.fxg5 Bxg5 19.Kh1 f6 20.Ne2 Bf7 21.Qf3 Qxc5 
22.Nd4 Rae8 23.Nxf5 Bg6 24.Nd3 Qb6 25.Rde1 Qc7 26.Nc5 Rxe1 27.Rxe1 Re8 
1/2-1/2

[Event "8th American Continental"]
[Site "Cochabamba BOL"]
[Date "2013.05.15"]
[Round "11"]
[White "Bruzon Batista, Lazaro"]
[Black "Cori Tello, Jorge"]
[Result "0-1"]
[WhiteElo "2707"]
[BlackElo "2546"]
[EventDate "2013.05.07"]
[PlyCount "78"]

1.e4 c5 2.Nf3 Nc6 3.Bb5 d6 4.O-O Bg4 5.h3 Bxf3 6.Qxf3 e6 7.c3 a6 8.Bxc6+ 
bxc6 9.Re1 d5 10.d3 Nf6 11.e5 Nd7 12.Qg3 g6 13.Nd2 Be7 14.Nf3 h6 15.h4 Rb8
16.Re2 Kf8 17.Qh3 Kg7 18.h5 Qg8 19.hxg6 fxg6 20.d4 Qf7 21.dxc5 Bxc5 22.b4 
Bb6 23.Be3 Qf5 24.Qg3 c5 25.a3 g5 26.Rd1 cxb4 27.axb4 Bc7 28.Ra1 Ra8 29.
Rea2 a5 30.bxa5 Kh7 31.a6 Rhb8 32.Nd4 Qe4 33.Rc2 Nxe5 34.Nc6 Rxa6 35.Rxa6 
Rb1+ 36.Rc1 Rxc1+ 37.Bxc1 Qe1+ 38.Kh2 Ng4+ 39.Kh3 Nxf2+ 0-1

[Event "8th American Continental"]
[Site "Cochabamba BOL"]
[Date "2013.05.15"]
[Round "11"]
[White "Cori Tello, Deysi"]
[Black "Iturrizaga Bonelli, Eduardo"]
[Result "1-0"]
[WhiteElo "2430"]
[BlackElo "2655"]
[EventDate "2013.05.07"]
[PlyCount "69"]

1.d4 Nf6 2.c4 e6 3.Nf3 c5 4.d5 b5 5.Bg5 exd5 6.cxd5 h6 7.Bxf6 Qxf6 8.Qc2 
Be7 9.a4 b4 10.e4 d6 11.Bb5+ Nd7 12.Nfd2 O-O 13.O-O a6 14.Bd3 Re8 15.Re1 
Bf8 16.Nc4 g5 17.Re2 g4 18.Nbd2 h5 19.Rf1 Qh6 20.f4 Bg7 21.e5 dxe5 22.Bf5 
e4 23.Nxe4 Bf8 24.Ne5 Nf6 25.Ng5 b3 26.Qb1 Qg7 27.Ngxf7 Nxd5 28.Bxc8 Raxc8
29.Qd3 Nb6 30.a5 c4 31.Qf5 Nd5 32.Nh6+ Qxh6 33.Qf7+ Kh8 34.Ng6+ Qxg6 35.
Qxg6 1-0

[Event "8th American Continental"]
[Site "Cochabamba BOL"]
[Date "2013.05.15"]
[Round "11"]
[White "Vasquez Schroder, Rodrigo"]
[Black "Gonzalez Acosta, Bernal Manuel"]
[Result "1/2-1/2"]
[WhiteElo "2554"]
[BlackElo "2461"]
[EventDate "2013.05.07"]
[PlyCount "68"]

1.e4 c5 2.Nf3 d6 3.d4 cxd4 4.Nxd4 Nf6 5.Nc3 g6 6.Be2 Bg7 7.O-O O-O 8.Bg5 
Nc6 9.Nb3 Be6 10.Kh1 Rc8 11.f4 Na5 12.f5 Bc4 13.Bd3 b5 14.Qe2 b4 15.Nd1 
Re8 16.Ne3 Bxd3 17.cxd3 Nc6 18.Qf2 Ne5 19.Qe2 a5 20.a4 bxa3 21.Rxa3 Nc6 
22.Qd2 Rb8 23.Nxa5 Nd4 24.Rc1 Rb5 25.Bxf6 Bxf6 26.fxg6 hxg6 27.Nd5 Bg7 28.
Nc4 e6 29.Nc3 Rh5 30.Qf2 d5 31.Ne3 dxe4 32.dxe4 Nc6 33.h3 Ne5 34.Rd1 Qc7 
1/2-1/2

[Event "8th American Continental"]
[Site "Cochabamba BOL"]
[Date "2013.05.15"]
[Round "11"]
[White "Cornejo, Max"]
[Black "Mekhitarian, Krikor Sevag"]
[Result "1/2-1/2"]
[WhiteElo "2380"]
[BlackElo "2551"]
[EventDate "2013.05.07"]
[PlyCount "96"]

1.e4 c5 2.Nf3 Nc6 3.Bb5 e6 4.O-O Nge7 5.c3 a6 6.Ba4 b5 7.Bc2 Bb7 8.d4 cxd4
9.cxd4 Nb4 10.a3 Nxc2 11.Qxc2 Rc8 12.Qd3 d5 13.e5 Nc6 14.b4 Be7 15.Nbd2 
O-O 16.Nb3 h6 17.Bd2 Nb8 18.Nc5 Bxc5 19.bxc5 a5 20.Rfb1 Ba6 21.Ne1 Kh8 22.
f4 b4 23.Qe3 bxa3 24.Qxa3 Nc6 25.Bxa5 Qh4 26.Nf3 Qh5 27.Qe3 Qg6 28.Rd1 Ra8
29.Bc3 Bc4 30.h3 Rfb8 31.Nd2 Bd3 32.Kh2 Bc2 33.Rdc1 Kh7 34.g4 Rxa1 35.Rxa1
Qd3 36.Qxd3+ Bxd3 37.Kg3 Rb7 38.Kf2 Ra7 39.Rxa7 Nxa7 40.Ke3 Bc2 41.Nf1 Nc6
42.Ng3 Ne7 43.Ba5 Nc6 44.Be1 Ne7 45.Kd2 Bb1 46.Kc3 Nc6 47.Bf2 g6 48.Be3 
Ba2 1/2-1/2

[Event "8th American Continental"]
[Site "Cochabamba BOL"]
[Date "2013.05.15"]
[Round "11"]
[White "Martinez Alcantara, Jose Eduardo"]
[Black "Zambrana, Oswaldo"]
[Result "0-1"]
[WhiteElo "2208"]
[BlackElo "2478"]
[EventDate "2013.05.07"]
[PlyCount "148"]

1.e4 c5 2.Nf3 d6 3.d4 cxd4 4.Nxd4 Nf6 5.Nc3 a6 6.Be3 e6 7.f3 Be7 8.Qd2 O-O
9.O-O-O b5 10.g4 Qc7 11.Kb1 Bb7 12.h4 b4 13.Nce2 Nfd7 14.g5 d5 15.exd5 
Bxd5 16.Nf4 Nb6 17.Bd3 N8d7 18.h5 Ne5 19.g6 Nec4 20.Bxc4 Nxc4 21.Qe2 Bf6 
22.Nxd5 exd5 23.Qd3 Nxe3 24.gxh7+ Kh8 25.Qxe3 Rfe8 26.Qd3 Rac8 27.Qf5 Qe5 
28.h6 g6 29.Qxe5 Rxe5 30.f4 Re4 31.Nf3 Rxf4 32.Ne1 a5 33.Rxd5 Rd4 34.Rxd4 
Bxd4 35.Nf3 Bf6 36.Nd2 Re8 37.Nc4 Bd8 38.Nd6 Re7 39.Rf1 f6 40.c4 bxc3 41.
bxc3 Kxh7 42.Kc2 Rd7 43.Ne8 f5 44.Ng7 Rf7 45.Ne6 Be7 46.Rg1 Bh4 47.c4 Rf6 
48.Nf4 Kxh6 49.Nd5 Re6 50.Kd3 Bf2 51.Rg2 Bc5 52.Rh2+ Kg7 53.Rb2 Rc6 54.Rb5
a4 55.Nc3 a3 56.Na4 Be7 57.Rb7 Kf6 58.Nb6 Bd8 59.Nd5+ Ke5 60.Ra7 g5 61.Ra8
Rd6 62.Rxa3 f4 63.Rb3 g4 64.Rb1 Bh4 65.Rb8 Bd8 66.Rb1 Kf5 67.Rb5 g3 68.Ke2
Kg4 69.Nxf4 Kxf4 70.c5 Rd4 71.c6 Rc4 72.Rb8 g2 73.Kf2 Rc2+ 74.Kg1 Be7 0-1

[Event "8th American Continental"]
[Site "Cochabamba BOL"]
[Date "2013.05.15"]
[Round "11"]
[White "Lenderman, Aleksandr"]
[Black "Aguilar, Andres"]
[Result "1-0"]
[WhiteElo "2585"]
[BlackElo "2233"]
[EventDate "2013.05.07"]
[PlyCount "55"]

1.d4 Nf6 2.c4 e6 3.Nc3 d5 4.cxd5 exd5 5.Bg5 c6 6.Qc2 Be7 7.e3 O-O 8.Bd3 
Nbd7 9.Nge2 Re8 10.O-O Nf8 11.f3 Nh5 12.Bxe7 Rxe7 13.Qd2 Ne6 14.Rad1 b5 
15.e4 b4 16.Na4 Qa5 17.Qc2 Bd7 18.e5 c5 19.Nxc5 Nxc5 20.dxc5 Rc8 21.g4 
Rxc5 22.Qd2 Rxe5 23.gxh5 Bh3 24.Rfe1 Qb6 25.Nd4 f6 26.f4 Rxe1+ 27.Rxe1 Rc8
28.Qf2 1-0

[Event "8th American Continental"]
[Site "Cochabamba BOL"]
[Date "2013.05.15"]
[Round "11"]
[White "Prasca Sosa, Rafael"]
[Black "Gutierrez Pari, Carmelo"]
[Result "1-0"]
[WhiteElo "2426"]
[BlackElo "2253"]
[EventDate "2013.05.07"]
[PlyCount "67"]

1.e4 e6 2.d4 d5 3.Nd2 h6 4.Ngf3 Nf6 5.e5 Nfd7 6.Be2 c5 7.c3 b6 8.h4 g6 9.
h5 g5 10.Nh2 Ba6 11.Bxa6 Nxa6 12.Qe2 Nc7 13.Ng4 f5 14.exf6 Nxf6 15.Ne5 Bd6
16.Ng6 Rg8 17.dxc5 Bxc5 18.Nf1 Qd7 19.Be3 Qb5 20.Qc2 Qc4 21.Ne5 Qe4 22.
Qxe4 Nxe4 23.Bxc5 bxc5 24.f3 Nf6 25.Ne3 Kf8 26.N3g4 Kg7 27.c4 Rab8 28.
O-O-O Rgd8 29.Rhe1 Rb6 30.cxd5 Rxd5 31.Ne3 Rd4 32.Rxd4 cxd4 33.N3c4 Ra6 
34.a3 1-0

[Event "8th American Continental"]
[Site "Cochabamba BOL"]
[Date "2013.05.15"]
[Round "11"]
[White "Cuellar Oshiro, Diego"]
[Black "Ruiz Castillo, Joshua Daniel"]
[Result "0-1"]
[WhiteElo "2323"]
[BlackElo "2370"]
[EventDate "2013.05.07"]
[PlyCount "69"]

1.e4 c5 2.Nc3 d6 3.f4 g6 4.Nf3 Nc6 5.Bc4 Bg7 6.O-O e6 7.d3 Nge7 8.Qe1 O-O 
9.f5 gxf5 10.Qh4 fxe4 11.dxe4 Ng6 12.Qh5 Nce5 13.Be2 f6 14.Be3 Qe7 15.g4 
Bd7 16.g5 f5 17.Nxe5 Bxe5 18.exf5 Rxf5 19.Bd3 Rxf1+ 20.Rxf1 Qg7 21.Ne4 Rf8
22.Rxf8+ Nxf8 23.c3 b6 24.Nf2 Qf7 25.Qg4 d5 26.h4 Bg7 27.Qg3 e5 28.Be2 e4 
29.Bf4 Ng6 30.Bb8 Qe7 31.Bd6 Be5 32.Bxe7 Bxg3 33.Nxe4 dxe4 34.Bc4+ Kg7 35.
h5 0-1

[Event "8th American Continental"]
[Site "Cochabamba BOL"]
[Date "2013.05.15"]
[Round "11"]
[White "Arias, Pablo"]
[Black "Pacheco Vivanco, Marco"]
[Result "0-1"]
[WhiteElo "2050"]
[BlackElo "2384"]
[EventDate "2013.05.07"]
[PlyCount "72"]

1.e4 e6 2.d4 d5 3.e5 c5 4.c3 Nc6 5.Nf3 Qb6 6.Be2 cxd4 7.cxd4 Nh6 8.Bd3 Bd7
9.Bc2 Nf5 10.Bxf5 exf5 11.O-O h6 12.Nc3 Be6 13.h4 Be7 14.a3 Qd8 15.h5 g5 
16.hxg6 fxg6 17.Na4 b6 18.Qd3 Qd7 19.Bd2 g5 20.Rfe1 O-O 21.b4 Kg7 22.b5 
Nd8 23.Rac1 f4 24.Bb4 Bxb4 25.axb4 Rc8 26.Nc5 bxc5 27.dxc5 Bf5 28.Qc3 Ne6 
29.Nd4 f3 30.Ra1 fxg2 31.Ra6 Qf7 32.Rea1 Qh5 33.Nxe6+ Bxe6 34.Kxg2 d4 35.
Qxd4 Qh3+ 36.Kg1 Rf4 0-1

[Event "8th American Continental"]
[Site "Cochabamba BOL"]
[Date "2013.05.15"]
[Round "11"]
[White "Gemy Vargas, Jose Daniel"]
[Black "Kropff Gomez, Ricardo"]
[Result "1-0"]
[WhiteElo "2320"]
[BlackElo "2224"]
[EventDate "2013.05.07"]
[PlyCount "49"]

1.d4 Nf6 2.c4 e6 3.Nc3 Bb4 4.e3 Bxc3+ 5.bxc3 O-O 6.Bd3 Nc6 7.f4 b6 8.Nf3 
Ne8 9.e4 Na5 10.e5 f5 11.g4 g6 12.gxf5 gxf5 13.Rg1+ Ng7 14.Ba3 d6 15.Qe2 
Qd7 16.O-O-O Ba6 17.Rg5 Rae8 18.Rdg1 Re7 19.d5 Rff7 20.Nd4 Qa4 21.Bb4 exd5
22.e6 Rf6 23.Nxf5 Rxf5 24.Bxf5 Bxc4 25.Qg2 1-0

[Event "8th American Continental"]
[Site "Cochabamba BOL"]
[Date "2013.05.15"]
[Round "11"]
[White "Ferrufino Hurtado, Boris"]
[Black "Sabas, Jorge"]
[Result "1-0"]
[WhiteElo "2211"]
[BlackElo "2302"]
[EventDate "2013.05.07"]
[PlyCount "93"]

1.d4 Nf6 2.Nf3 g6 3.Nbd2 Bg7 4.e4 O-O 5.Bd3 d6 6.O-O Nc6 7.c3 e5 8.dxe5 
Nxe5 9.Nxe5 dxe5 10.Nc4 Re8 11.Qe2 Bd7 12.Rd1 Qc8 13.b3 a6 14.Ba3 b6 15.
Ne3 Bc6 16.f3 Bb7 17.Bb2 Nd7 18.a4 Nc5 19.Bc4 c6 20.b4 Ne6 21.Bxe6 Qxe6 
22.Nc4 b5 23.Na5 Bc8 24.c4 bxa4 25.c5 Bf8 26.Qc2 Bd7 27.Rxa4 Reb8 28.Nc4 
Rxb4 29.Nxe5 Rxa4 30.Nxd7 Rc4 31.Qd2 Be7 32.Qh6 f6 33.Nxf6+ Bxf6 34.Rd6 
Qe7 35.Bxf6 Qf8 36.Qg5 Qf7 37.Bb2 Re8 38.h4 Rb4 39.Be5 Rb1+ 40.Kh2 Rb7 41.
h5 Qe7 42.Rxg6+ hxg6 43.Qxg6+ Kf8 44.Bd6 Qxd6+ 45.cxd6 Rg7 46.Qf6+ Kg8 47.
h6 1-0

[Event "8th American Continental"]
[Site "Cochabamba BOL"]
[Date "2013.05.15"]
[Round "11"]
[White "Cortes Orihuela, Javier"]
[Black "Cueto Chajtur, Jhonny"]
[Result "0-1"]
[WhiteElo "2032"]
[BlackElo "2263"]
[EventDate "2013.05.07"]
[PlyCount "110"]

1.d4 d6 2.Nf3 Bg4 3.c4 Nd7 4.e3 e5 5.Be2 Ngf6 6.Nc3 c6 7.O-O Be7 8.Nd2 
Bxe2 9.Qxe2 O-O 10.Nf3 Re8 11.Rd1 e4 12.Nd2 d5 13.c5 a5 14.Rb1 b6 15.cxb6 
Qxb6 16.Na4 Qb5 17.Qxb5 cxb5 18.Nc3 Reb8 19.f3 b4 20.Ne2 Bd6 21.fxe4 Nxe4 
22.Nxe4 dxe4 23.Bd2 Nb6 24.Rdc1 Rc8 25.Rxc8+ Rxc8 26.Rc1 Rxc1+ 27.Bxc1 f5 
28.Kf2 Kf7 29.g3 g5 30.Ke1 Kg6 31.Kd1 h5 32.Ke1 h4 33.Kf2 Kh5 34.Kg2 Nd5 
35.Bd2 Kg4 36.Bc1 h3+ 37.Kf2 Nf6 38.Bd2 Nd5 39.Bc1 Nf6 40.Bd2 Kh5 41.Nc1 
Ng4+ 42.Kg1 f4 43.gxf4 gxf4 44.exf4 e3 45.Be1 Bxf4 46.Bg3 Bxg3 47.hxg3 Kg5
48.Ne2 Kf5 49.Nf4 Ke4 50.d5 Ke5 51.Kh1 e2 52.Nxe2 Ke4 53.Kg1 a4 54.b3 a3 
55.Nc1 Ne3 0-1

[Event "8th American Continental"]
[Site "Cochabamba BOL"]
[Date "2013.05.15"]
[Round "11"]
[White "Principe Tolentino, Alexander"]
[Black "Arias, Juan Carlos"]
[Result "1/2-1/2"]
[WhiteElo "2261"]
[BlackElo "2113"]
[EventDate "2013.05.07"]
[PlyCount "169"]

1.e4 c5 2.Nf3 Nc6 3.d4 cxd4 4.Nxd4 g6 5.Nc3 Bg7 6.Be3 Nf6 7.Bc4 O-O 8.Bb3 
a5 9.O-O Nxd4 10.Bxd4 d6 11.Re1 Bd7 12.Qd3 a4 13.Bd5 Bc6 14.Bc4 Nd7 15.
Bxg7 Kxg7 16.Qd4+ Kg8 17.Rab1 Qb6 18.Qd2 Qc5 19.Bd3 Rfe8 20.Kh1 b5 21.Nd1 
b4 22.Ne3 Nf6 23.f3 Bb5 24.Red1 Rec8 25.Qe2 Bxd3 26.Rxd3 Rab8 27.b3 a3 28.
Qd2 Rc7 29.Rd1 Qb5 30.Nc4 Nd7 31.Rd4 Ne5 32.Ne3 Nc6 33.Rc4 Rcb7 34.Nd5 Kg7
35.c3 e5 36.Nxb4 Na5 37.Qxd6 Nxc4 38.bxc4 Qxc4 39.Qxe5+ Kg8 40.h4 Rxb4 41.
cxb4 Qxb4 42.Kh2 Qb2 43.Qd5 h5 44.Kg3 Kg7 45.Rd3 Rc8 46.Qb3 Rc2 47.Qxb2+ 
axb2 48.Rb3 b1=Q 49.Rxb1 Rxa2 50.Rb6 Re2 51.Rb1 Kf6 52.Rf1 Ke5 53.Rf2 Re1 
54.Ra2 Rb1 55.Ra5+ Kf6 56.Kf4 Rb6 57.Rd5 Ke6 58.Rc5 Ra6 59.Rb5 Rc6 60.Kg5 
Rc2 61.g3 Rc3 62.Rb6+ Ke7 63.Kf4 Ra3 64.g4 hxg4 65.fxg4 Ra5 66.Rb4 Kf6 67.
Rb7 Kg7 68.Rd7 Rb5 69.Rd4 Ra5 70.e5 Rb5 71.Re4 Rb6 72.Kg5 Re6 73.Kf4 Ra6 
74.Re2 Ra4+ 75.Re4 Ra6 76.Kg5 Re6 77.Re3 Ra6 78.h5 gxh5 79.gxh5 Re6 80.Kf5
Rh6 81.Rg3+ Kh7 82.Rg5 Re6 83.Rg4 Rh6 84.Rg5 Re6 85.Rg4 1/2-1/2

[Event "8th American Continental"]
[Site "Cochabamba BOL"]
[Date "2013.05.15"]
[Round "11"]
[White "Cornejo Perales, Guillermo"]
[Black "Molina, Jorge"]
[Result "1/2-1/2"]
[WhiteElo "2222"]
[BlackElo "2144"]
[EventDate "2013.05.07"]
[PlyCount "33"]

1.e4 c6 2.d4 d5 3.Nc3 dxe4 4.Nxe4 Bf5 5.Ng3 Bg6 6.Nh3 Nf6 7.Nf4 e5 8.Nxg6 
hxg6 9.dxe5 Qa5+ 10.Bd2 Qxe5+ 11.Qe2 Qxe2+ 12.Bxe2 Bc5 13.O-O Nbd7 14.Bf3 
O-O 15.Bc3 Rfe8 16.Rfe1 Nb6 17.Rxe8+ 1/2-1/2

[Event "8th American Continental"]
[Site "Cochabamba BOL"]
[Date "2013.05.15"]
[Round "11"]
[White "Cruz Pereyra, Andresantoni"]
[Black "Campero Cuellar, Ronald"]
[Result "0-1"]
[WhiteElo "1947"]
[BlackElo "2211"]
[EventDate "2013.05.07"]
[PlyCount "60"]

1.c4 e5 2.Nc3 Nc6 3.g3 g6 4.Bg2 Bg7 5.Rb1 d6 6.b4 f5 7.d3 Nf6 8.Bg5 h6 9.
Bxf6 Qxf6 10.Nd5 Qf7 11.e3 O-O 12.Ne2 Kh8 13.O-O Nd8 14.b5 c6 15.bxc6 bxc6
16.Nb4 Bd7 17.Qc1 g5 18.f4 gxf4 19.gxf4 a5 20.Nc2 Ne6 21.Qa3 exf4 22.Qxd6 
fxe3 23.Nxe3 f4 24.Rb7 Rad8 25.Kh1 Qe8 26.Ng4 Bc8 27.Qxc6 Bxb7 28.Qxb7 Nc5
29.Qb5 Qxe2 30.Qxc5 Qxg4 0-1

[Event "8th American Continental"]
[Site "Cochabamba BOL"]
[Date "2013.05.15"]
[Round "11"]
[White "Celis Maldonado, Kevin"]
[Black "Aliaga Fernandez, Ingrid"]
[Result "1/2-1/2"]
[WhiteElo "2134"]
[BlackElo "2184"]
[EventDate "2013.05.07"]
[PlyCount "25"]

1.e4 c5 2.Nf3 d6 3.d4 cxd4 4.Nxd4 Nf6 5.Nc3 a6 6.Be2 e6 7.O-O Qc7 8.f4 Nc6
9.Be3 Be7 10.Kh1 O-O 11.Rc1 Re8 12.Qe1 Bf8 13.Qg3 1/2-1/2

[Event "8th American Continental"]
[Site "Cochabamba BOL"]
[Date "2013.05.15"]
[Round "11"]
[White "Salazar, Carlos"]
[Black "Monroy Carrizo, Javier"]
[Result "1-0"]
[WhiteElo "2167"]
[BlackElo "2053"]
[EventDate "2013.05.07"]
[PlyCount "44"]

1.d4 g6 2.e4 Bg7 3.Nc3 b6 4.Be3 Bb7 5.f3 e6 6.Qd2 d5 7.Nh3 dxe4 8.fxe4 Nf6
9.Nf2 a6 10.Be2 Nbd7 11.Bf3 b5 12.O-O Nb6 13.b3 O-O 14.e5 Nfd5 15.Bg5 Qd7 
16.Nce4 Qc8 17.Ng4 Nd7 18.Ngf6+ Kh8 19.Bh6 Bxf6 20.exf6 Rg8 21.Bg7+ Rxg7 
22.fxg7+ Kxg7 1-0

[Event "8th American Continental"]
[Site "Cochabamba BOL"]
[Date "2013.05.15"]
[Round "11"]
[White "Parraga, Alejandro"]
[Black "Sanchez Sandoval, Gonzalo"]
[Result "0-1"]
[WhiteElo "2163"]
[BlackElo "2103"]
[EventDate "2013.05.07"]
[PlyCount "62"]

1.d4 Nf6 2.Nf3 g6 3.c4 Bg7 4.Nc3 O-O 5.Bf4 d5 6.e3 c5 7.dxc5 Qa5 8.Qa4 
Qxc5 9.Qb5 Na6 10.Qxc5 Nxc5 11.cxd5 Bf5 12.Be2 Nfe4 13.Be5 Nxc3 14.bxc3 
Bxe5 15.Nxe5 Be4 16.Bf3 f6 17.Nc4 Rac8 18.Nd2 Bxf3 19.gxf3 b5 20.c4 Nd3+ 
21.Ke2 bxc4 22.Nxc4 Nb4 23.Rhc1 Nxd5 24.e4 Nf4+ 25.Ke3 Ng2+ 26.Ke2 Nf4+ 
27.Ke3 g5 28.Na5 Rfd8 29.Rxc8 Rxc8 30.Kd4 e5+ 31.Ke3 Rd8 0-1

[Event "8th American Continental"]
[Site "Cochabamba BOL"]
[Date "2013.05.15"]
[Round "11"]
[White "Rojas Barrero, Andres Humberto"]
[Black "Ramirez, Maria Eugenia"]
[Result "1/2-1/2"]
[WhiteElo "2227"]
[BlackElo "1996"]
[EventDate "2013.05.07"]
[PlyCount "75"]

1.e4 e5 2.Nf3 Nc6 3.d4 exd4 4.Nxd4 Bc5 5.Be3 Nxd4 6.Bxd4 Bxd4 7.Qxd4 Qf6 
8.e5 Qg6 9.Nd2 Ne7 10.Bd3 Qb6 11.Qe4 d5 12.exd6 Qxd6 13.O-O-O Be6 14.Bb5+ 
c6 15.Nc4 Qc5 16.Nd6+ Kf8 17.Bc4 Bxc4 18.Nxc4 Nd5 19.Rhe1 h5 20.Ne5 Kg8 
21.Qf5 Nf6 22.Rd7 Qa5 23.Re3 Qxa2 24.Rg3 Nxd7 25.Nxd7 Qe6 26.Nf6+ Kf8 27.
Qc5+ Qe7 28.Nd7+ Ke8 29.Re3 Qxe3+ 30.Qxe3+ Kxd7 31.Qd4+ Ke6 32.Qxg7 Rad8 
33.Qc3 Rhe8 34.Kb1 Rd5 35.Qe3+ Kd7 36.Qxa7 Kc7 37.Qa4 Ree5 38.Qf4 1/2-1/2

[Event "8th American Continental"]
[Site "Cochabamba BOL"]
[Date "2013.05.15"]
[Round "11"]
[White "Medrano, Mario"]
[Black "Aguilar, Luis Miguel"]
[Result "0-1"]
[WhiteElo "2085"]
[BlackElo "1903"]
[EventDate "2013.05.07"]
[PlyCount "46"]

1.c4 e5 2.g3 c6 3.Bg2 d5 4.cxd5 cxd5 5.d4 e4 6.e3 Nc6 7.a3 a5 8.Nc3 Nf6 9.
Nge2 Be6 10.O-O Bd6 11.h3 h5 12.Nf4 Bxf4 13.exf4 Qd7 14.Kh2 h4 15.g4 Bxg4 
16.Qa4 Bf5 17.Be3 Ne7 18.Nb5 O-O 19.Rac1 Rfc8 20.Rxc8+ Nxc8 21.Rc1 Nb6 22.
Qc2 Nc4 23.a4 Rc8 0-1

[Event "8th American Continental"]
[Site "Cochabamba BOL"]
[Date "2013.05.15"]
[Round "11"]
[White "Avila, Carlos"]
[Black "Borda Rivera, Carla"]
[Result "1/2-1/2"]
[WhiteElo "1848"]
[BlackElo "1950"]
[EventDate "2013.05.07"]
[PlyCount "62"]

1.e4 c6 2.d4 g6 3.c4 Bg7 4.Nc3 d6 5.g3 Nd7 6.Bg2 e5 7.d5 c5 8.Nb5 Nb6 9.b3
a6 10.Nc3 Ne7 11.Nge2 Bg4 12.O-O Qd7 13.Rb1 Bh3 14.a3 Bxg2 15.Kxg2 Rc8 16.
Qd3 O-O 17.Be3 Na8 18.b4 b6 19.bxc5 bxc5 20.Rb3 h6 21.Rfb1 f5 22.f4 Kh7 
23.Rb7 Rc7 24.Rb8 Rxb8 25.Rxb8 Rc8 26.Qb1 Qd8 27.Rb7 Rc7 28.Rb8 Rc8 29.Rb7
Rc7 30.Rb8 Rc8 31.Rb7 Rc7 1/2-1/2

[Event "8th American Continental"]
[Site "Cochabamba BOL"]
[Date "2013.05.15"]
[Round "11"]
[White "Lopez, Diego"]
[Black "Lopez, Bruno"]
[Result "0-1"]
[WhiteElo "2171"]
[BlackElo "1734"]
[EventDate "2013.05.07"]
[PlyCount "56"]

1.d4 d5 2.c4 e6 3.Nc3 Nf6 4.cxd5 exd5 5.Bg5 c6 6.e3 Bf5 7.Bd3 Bxd3 8.Qxd3 
Nbd7 9.Nf3 Bd6 10.O-O O-O 11.Rab1 Re8 12.b4 a6 13.a4 Qc7 14.Rfc1 Re6 15.
Qd1 Nb6 16.b5 Ne4 17.Bh4 Rh6 18.Bg3 Bxg3 19.hxg3 Rh1+ 20.Kxh1 Nxf2+ 21.Kh2
Nxd1 22.Rxd1 Re8 23.Re1 f5 24.bxa6 bxa6 25.Ne5 Rb8 26.a5 Nc4 27.Rxb8+ Qxb8
28.Nxc6 Qd6 0-1

[Event "8th American Continental"]
[Site "Cochabamba BOL"]
[Date "2013.05.15"]
[Round "11"]
[White "Tapia, Mauricio"]
[Black "Aguilar, Pedro"]
[Result "0-1"]
[WhiteElo "1907"]
[BlackElo "1987"]
[EventDate "2013.05.07"]
[PlyCount "84"]

1.d4 d5 2.c4 e6 3.Nc3 Nf6 4.Bg5 Nbd7 5.e3 c6 6.Nf3 Qa5 7.Bxf6 Nxf6 8.Bd3 
Bb4 9.Qc2 dxc4 10.Bxc4 Nd5 11.Bxd5 Bxc3+ 12.bxc3 cxd5 13.Ne5 Bd7 14.Nxd7 
Kxd7 15.O-O Rac8 16.Rfc1 Rc4 17.Rab1 Qc7 18.e4 Qc6 19.exd5 Qxd5 20.Rb4 Qc6
21.Rxc4 Qxc4 22.Rb1 b6 23.d5 exd5 24.Qf5+ Kc6 25.Qxf7 Qe4 26.Rc1 Re8 27.h3
Re7 28.Qg8 Kb7 29.c4 Rc7 30.Rd1 dxc4 31.Rd8 c3 32.Rb8+ Ka6 33.Qb3 Qe1+ 34.
Kh2 Qe5+ 35.g3 Qb5 36.Qc2 Qc4 37.a4 Re7 38.a5 b5 39.Qd1 Qc6 40.Rd8 Kxa5 
41.Qa1+ Kb4 42.Rd4+ Kb3 0-1

[Event "8th American Continental"]
[Site "Cochabamba BOL"]
[Date "2013.05.15"]
[Round "11"]
[White "Monroy Garzon, Nataly"]
[Black "Rivas, Lucas"]
[Result "1/2-1/2"]
[WhiteElo "1791"]
[BlackElo "1987"]
[EventDate "2013.05.07"]
[PlyCount "76"]

1.d4 Nf6 2.Nf3 c5 3.d5 e6 4.c4 exd5 5.cxd5 d6 6.Nc3 g6 7.g3 Bg7 8.Bg2 O-O 
9.O-O Re8 10.Re1 a6 11.Bf4 b5 12.a3 Nh5 13.Bc1 Ra7 14.Rb1 b4 15.axb4 cxb4 
16.Na2 a5 17.b3 Bf5 18.Be3 Bxb1 19.Bxa7 Bxa2 20.Qc2 Bxb3 21.Qxb3 Qc7 22.
Bd4 Re4 23.Qd3 f5 24.Bxg7 Nxg7 25.Nd4 Re8 26.Qb5 Qc3 27.Rd1 Qc5 28.Qa4 Na6
29.Ne6 Qc8 30.Qxa5 b3 31.Qa3 Qc4 32.Rc1 Qb5 33.Nd4 Qb6 34.Nxb3 Rxe2 35.Rf1
Nb4 36.Qa5 Qxa5 37.Nxa5 Rd2 38.Nc4 Rd4 1/2-1/2